Alle Pokémon - Typen - Statistiken

Allgemein
  • Dieses Quiz wurde 292 mal gespielt
  • Das Durchschnittsergebnis liegt bei 15 aus 18
Antwortstatistiken
Typ % Korrekt
Feuer
99%
Wasser
99%
Pflanze
95%
Fee
88%
Flug
88%
Psycho
88%
Elektro
87%
Eis
84%
Geist
84%
Drache
83%
Gestein
83%
Boden
82%
Normal
82%
Stahl
81%
Kampf
79%
Unlicht
79%
Gift
78%
Käfer
78%
Keine übereinstimmenden Quizze gefunden
Verteilung der Resultate
Anzahl Personen mit jedem Resultat
Perzentil nach korrekt beantworteten Fragen
Ihre Resultats-Entwicklung
Sie haben dieses Quiz noch nicht gespielt